000 00758nam a2200193Ia 4500
008 151121s9999||||xx |||||||||||||| ||und||
082 _a833-/बिड़ला
082 _bHNW-49377
100 _aबिड़ला लक्ष्मीनिवास
245 _aभाग्य की बलिहारी
260 _b"सस्ता साहित्य मण्डल प्रकाशन, न। दिल्ली"
260 _c--
300 _a116
600 _aबिड़ला लक्ष्मीनिवास
630 _aभाग्य की बलिहारी
700 _aबिड़ला लक्ष्मीनिवास
730 _aभाग्य की बलिहारी
942 _cBOOK
999 _c1234561
_d1234558